Harcourt trophies : (Record no. 9039)

MARC details
000 -LEADER
fixed length control field 00807nam a22002297a 4500
001 - CONTROL NUMBER
control field 9039
003 - CONTROL NUMBER IDENTIFIER
control field FISKH
005 - DATE AND TIME OF LATEST TRANSACTION
control field 20251117100853.0
008 - FIXED-LENGTH DATA ELEMENTS--GENERAL INFORMATION
fixed length control field 251117b cb ||||| |||| 00| 0 eng d
020 ## - INTERNATIONAL STANDARD BOOK NUMBER
International Standard Book Number 9780153397400
040 ## - CATALOGING SOURCE
Original cataloging agency FISKH
Language of cataloging eng
Transcribing agency FISKH
Modifying agency FISKH
050 ## - LIBRARY OF CONGRESS CALL NUMBER
Classification number PZ7
100 ## - MAIN ENTRY--PERSONAL NAME
Personal name Beck, Isabel L.
245 ## - TITLE STATEMENT
Title Harcourt trophies :
Remainder of title A Harcourt reading/language arts program . /
Statement of responsibility, etc. Senior Authors Isabel L.Beck , Roger C. Farr and Dorothy S. Strickland
250 ## - EDITION STATEMENT
Edition statement Teacher's Edition
260 ## - PUBLICATION, DISTRIBUTION, ETC.
Place of publication, distribution, etc. Orlando :
Name of publisher, distributor, etc. Harcourt , Inc ,
Date of publication, distribution, etc. 2007 .
300 ## - PHYSICAL DESCRIPTION
Extent 550 pages :
Other physical details color illustrations ;
Dimensions 30 cm .
520 ## - SUMMARY, ETC.
Summary, etc. Curriculum set for first grade issued in five named parts, for classroom use in teaching reading.
700 ## - ADDED ENTRY--PERSONAL NAME
Personal name Monti, David A
Relator term Consultant
942 ## - ADDED ENTRY ELEMENTS (KOHA)
Source of classification or shelving scheme Dewey Decimal Classification
Koha item type Books
Suppress in OPAC No
Holdings
Withdrawn status Lost status Source of classification or shelving scheme Damaged status Not for loan Collection Home library Current library Shelving location Date acquired Total Checkouts Full call number Barcode Date last seen Price effective from Koha item type
    Dewey Decimal Classification     Fiction Footprints International School Library Network Toul Tom Poung Campus Footprints International School Library Network Toul Tom Poung Campus Librarian's Shelf TTP 11/17/2025   BEC PZ7 FISSE03131 11/17/2025 11/17/2025 Books